Dominican Republic : EIU country profile 2006.
| Format: | Book |
|---|---|
| Published: |
London:
The Econommist Intelligence,
2006.
|
| Subjects: |
| LEADER | 00427cam a2200133 7i4500 | ||
|---|---|---|---|
| 001 | 0000018287 | ||
| 005 | 20201019090000.0 | ||
| 090 | 0 | 0 | |a DOMA 330.9 |b DOM |
| 245 | 0 | 0 | |a Dominican Republic : |b EIU country profile 2006. |
| 260 | 0 | 0 | |a London: |b The Econommist Intelligence, |c 2006. |
| 300 | # | # | |a 38 p. |
| 650 | 0 | 0 | |a Dominican Republic -- |x Country profile |
| 651 | 0 | 0 | |a Dominican Republic |
| 999 | |a B000019283 |b Book |c Countries |e Business Information Centre | ||